Ιστορία της Αρχαίας Λογοτεχνίας

Αποθηκεύτηκε σε:
Λεπτομέρειες βιβλιογραφικής εγγραφής
Κύριος συγγραφέας: Croiset, Alfred
Άλλοι συγγραφείς: Croiset, Maurice 1846-1935, Πουρνάρας, Ανδρέας Ι. (Μεταφραστής)
Μορφή: Βιβλίο
Γλώσσα:Greek
Δημοσίευση: Εν Αθήναις : Πάπυρος, 1938.
Θέματα:
Ετικέτες: Προσθήκη ετικέτας
Δεν υπάρχουν, Καταχωρήστε ετικέτα πρώτοι!

MARC

LEADER 00000cam a2200000 a 4500
001 1/120284
008 191106s1938####gr | ||| |||| ||gre||
040 |a GR-MyUa  |b gre  |c GR-MyUa  |e AACR2 
041 0 |a gre 
082 7 |a 880.09   |2 (23) 
100 1 |a Croiset, Alfred. 
245 0 0 |a Ιστορία της Αρχαίας Λογοτεχνίας /   |c Alfred & Maurice Croiset, μετάφρασις : Ανδρέου Ι. Πουρνάρα.  
260 |a Εν Αθήναις :   |b Πάπυρος,   |c 1938.  
300 |a 3 τ. ;   |c 21 εκ.  
500 |a Το τεκμήριο περιέχει και τους τρεις τόμους δεμένους μαζί.  
500 |a Περιέχει υποσημειώσεις.  
504 |a Περιλαμβάνουν βιβλιογραφικές παραπομπές.  
650 0 |a Literature, Ancient  |x History and criticism. 
650 0 |a Literature, Ancient  |z Greece. 
650 0 |a Classical literature  |x History and criticism. 
700 1 |a Croiset, Maurice  |d 1846-1935. 
700 1 |a Πουρνάρας, Ανδρέας Ι.  |e trl 
852 |a INST  |b RHODES  |c AKA  |e 20191106  |h 889.09 CRO  |p 005400041234  |q 005400041234  |t BK  |v τομ.1:  |y 0 
852 |a INST  |b RHODES  |c AKA  |e 20191106  |h 889.09 CRO  |p 005400041235  |q 005400041235  |t BK  |v τομ.2:  |y 0 
852 |a INST  |b RHODES  |c AKA  |e 20191106  |h 889.09 CRO  |p 005400041236  |q 005400041236  |t BK  |v τομ.3:  |y 0 
853 |a INST  |b RHODES  |c AKA  |h 889.09 CRO 
920 |b Ακαδημία Ρόδου  |y Ρόδος  |z 2004-06 
970 |a Μαρία  |b Κωτάκου  |z 6-11-2019